000 00942nam a22003257a 4500
003 CHAP
005 20220329132918.0
008 971013s1986 r 00010 d
010 _a185
011 _a1157
035 _a333
040 _cCHAP
082 _a636.513
_bS8 1986
100 0 0 _aStadelman, William J.
_9109375
245 _aEgg science and technology
250 _a3 ed.
260 _aWestport, Conn :
_bAVI,
_c1986
300 _a449 p.
_b: ilus. ; gráfs.
500 _a35-138
590 _aBATCH-UPD
_b10
_c20130109
_lUCH01
_h2359
590 _aBATCH-UPD
_b10
_c20130110
_lUCH01
_h1359
590 _aCONVERSION
_b10
_c20130109
_lUCH01
_h1302
650 1 4 _aHuevos.
_956738
650 1 4 _aHuevos
_xIndustria.
_956748
650 1 4 _aHuevos
_xMercadeo.
_956751
700 0 _aCotterill, Owen J.
_928587
901 _aBK
942 _cLIBRO
949 _a636.513 S8 1986
_bBC
_cLIBRO
_d33724000105755
_eLIBRO
_gI.147694
_h76636
_i333
_si
_t308.60
999 _c185
_d185